On the Authority of the Bible (Record no. 1598)

MARC details
000 -LEADER
fixed length control field 00591nam a2200241 a 4500
020 ## - INTERNATIONAL STANDARD BOOK NUMBER
ISBN
082 00 - DEWEY DECIMAL CLASSIFICATION NUMBER
Classification number 220.1
Author Cutter HOD
100 ## - MAIN ENTRY--AUTHOR NAME
Author name Hodgson, L
245 ## - TITLE STATEMENT
Title On the Authority of the Bible
Sub title Some Recent Studies.
260 ## - PUBLICATION, DISTRIBUTION, ETC. (IMPRINT)
Place of publication London
Name of publisher Spck
Year of publication 1960
300 ## - PHYSICAL DESCRIPTION
Number of Pages 96p
500 ## - GENERAL NOTE
General note includes index and biblioraphy
505 2# - FORMATTED CONTENTS NOTE
Formatted contents note Reference
650 ## - SUBJECT ADDED ENTRY--TOPICAL TERM
Topical Term Bible-Evidences and Authority
942 ## - ADDED ENTRY ELEMENTS (KOHA)
Koha item type Books
700 1# -
-- Hodgson, L
Holdings
Collection code Home library Current library Date acquired Cost, normal purchase price Full call number Accession Number Koha item type
  Henry Martyn Institute Library Henry Martyn Institute Library 06/15/2007 100.00 220.1 HOD 02810 Books
                   Copyright © 2026 | Henry Martyn Institute | Hyderabad | TS-500052 | INDIA | Implemented by hmi.edu.in
Hit-Count:

Powered by Koha